| 000 | 00573nam a2200181Ia 4500 | ||
|---|---|---|---|
| 008 | 150610s9999 xx 000 0 und d | ||
| 020 | _a9781416995869 | ||
| 050 |
_aPZ7 _b.D75455t 2011 |
||
| 100 | _aDowell, Frances O'Roark | ||
| 245 |
_aTen miles past normal / _cFrances O'Roark Dowell. |
||
| 260 |
_aNew York : _bAtheneum Books for Young Readers, _c2011. |
||
| 300 |
_a211pages ; _c21 cm. |
||
| 520 | _aFiction. | ||
| 650 |
_aBands (Music) _bFiction. |
||
| 650 |
_aHigh schools _xFiction. |
||
| 650 |
_aInterpersonal relations _xFiction. |
||
| 650 |
_aSchools _bFiction. |
||
| 999 |
_c287866 _d287866 |
||